[Event "La Paz Clasification op 1st"]
[Site "La Paz"]
[Date "2018.02.03"]
[Round "5"]
[White "Lopez, Mario Iver"]
[Black "Carlo, Daniel"]
[Result "1/2-1/2"]
[WhiteElo "2197"]
[BlackElo "2065"]
[PlyCount "73"]
[EventDate "2018.02.01"]
[EventType "swiss"]
[EventRounds "8"]
[EventCountry "BOL"]
[SourceTitle "CBM 182 Extra"]
[Source "ChessBase"]
[SourceDate "2018.02.23"]
[SourceVersion "1"]
[SourceVersionDate "2018.02.23"]
[SourceQuality "1"]

1. e4 c5 2. Nf3 e6 3. d4 cxd4 4. Nxd4 a6 5. Nc3 Qc7 6. a3 Nf6 7. Be2 b5 8. Be3 b4 9. axb4 Bxb4 10. Qd3 Bxc3+ 11. bxc3 Nxe4 12. 0-0 Bb7 13. c4 Nc5 14. Qa3 d6 15. Nb3 Nbd7 16. Na5 Be4 17. Qc3 0-0 18. Rfd1 Rfd8 19. Bg5 f6 20. Bh4 Rac8 21. Bg3 Ne5 22. Nb3 Bb7 23. f3 Ncd7 24. Na5 Nb6 25. Nxb7 Qxb7 26. Rdb1 Rc6 27. Qa5 Qc7 28. Qxa6 Nd5 29. Qa7 Qxa7+ 30. Rxa7 Nc3 31. Rbb7 Nxe2+ 32. Kf2 Nxg3 33. Rxg7+ Kf8 34. Kxg3 Ra6 35. Rab7 Rb6 36. Rbc7 Rc8 37. Ra7 1/2-1/2

[Event "BOL-ch"]
[Site "Cobija"]
[Date "2015.07.24"]
[Round "6"]
[White "Lopez, Mario Iver"]
[Black "Gemy Vargas, Jose Daniel"]
[Result "0-1"]
[WhiteElo "2194"]
[BlackElo "2409"]
[PlyCount "104"]
[EventDate "2015.07.21"]
[EventType "tourn"]
[EventRounds "9"]
[EventCountry "BOL"]
[SourceTitle "CBM 167 Extra"]
[Source "ChessBase"]
[SourceDate "2015.09.14"]
[SourceVersion "1"]
[SourceVersionDate "2015.09.14"]
[SourceQuality "1"]

1. e4 e5 2. Nf3 Nc6 3. Bb5 Nf6 4. d3 Bc5 5. 0-0 d6 6. c3 Bb6 7. a4 a6 8. Bc4 Bg4 9. Nbd2 0-0 10. Re1 Na5 11. Ba2 c5 12. Nf1 Qd7 13. Ne3 Be6 14. Nd5 Bd8 15. Bg5 Ne8 16. Be3 Nc6 17. d4 cxd4 18. cxd4 Bg4 19. dxe5 Bxf3 20. Qxf3 Nxe5 21. Qd1 Nf6 22. f3 Nxd5 23. Qxd5 Nc6 24. Qd2 Ba5 25. Qe2 Bxe1 26. Rxe1 Nb4 27. Bb3 a5 28. Rd1 Qc6 29. Qf2 Rfd8 30. Rc1 Qd7 31. Qg3 Kh8 32. Rd1 Qe7 33. Bd4 f6 34. Bc3 Rac8 35. h4 d5 36. Bxd5 Nxd5 37. exd5 Qc5+ 38. Kh2 Rxd5 39. Re1 Qd6 40. f4 h5 41. Re4 Kh7 42. Qf3 Qd7 43. Qe2 Qg4 44. Qxg4 hxg4 45. Re7 Kg6 46. Kg3 Rd3+ 47. Kh2 Rc4 48. Rxb7 Rxf4 49. Rb5 Rf1 50. h5+ Kh6 51. Rxa5 g3+ 52. Kh3 f5 0-1

[Event "BOL-ch"]
[Site "Cobija"]
[Date "2015.07.23"]
[Round "4"]
[White "Lopez, Mario Iver"]
[Black "Pinto, Daniel"]
[Result "1-0"]
[WhiteElo "2194"]
[BlackElo "2114"]
[PlyCount "129"]
[EventDate "2015.07.21"]
[EventType "tourn"]
[EventRounds "9"]
[EventCountry "BOL"]
[SourceTitle "CBM 167 Extra"]
[Source "ChessBase"]
[SourceDate "2015.09.14"]
[SourceVersion "1"]
[SourceVersionDate "2015.09.14"]
[SourceQuality "1"]

1. e4 c5 2. Nc3 Nc6 3. f4 g6 4. Nf3 Bg7 5. Bb5 d6 6. Bxc6+ bxc6 7. 0-0 e6 8. d3 Ne7 9. Qe1 0-0 10. Kh1 Rb8 11. b3 Re8 12. Rb1 Ba6 13. Bd2 Qc8 14. Qf2 Qc7 15. Rbe1 f6 16. e5 f5 17. Na4 Nd5 18. exd6 Qxd6 19. Nxc5 Bc8 20. Ne5 Rb5 21. d4 Nf6 22. c3 Rd8 23. Bc1 Qc7 24. Qh4 Ra5 25. a4 Qd6 26. Nc4 Qc7 27. Nxa5 Qxa5 28. b4 Qc7 29. Re2 Re8 30. Rfe1 Qd6 31. Qg3 Kf7 32. Qf3 h5 33. Qg3 h4 34. Qxh4 Qd5 35. Qg3 Rh8 36. Kg1 Re8 37. Qd3 Ng4 38. h3 Nf6 39. a5 Bf8 40. Re5 Qd6 41. Qf3 Bg7 42. R5e2 Nd5 43. Bd2 Bh6 44. Rf1 Bg7 45. Rfe1 Bh6 46. g3 Bg7 47. Kg2 Qc7 48. Qd3 Bf8 49. c4 Nf6 50. Bc3 Bxc5 51. dxc5 Rd8 52. Qf3 Re8 53. Bxf6 Kxf6 54. Qc3+ Kf7 55. Rd2 Qe7 56. Rd6 g5 57. Qe5 Rg8 58. Kh2 gxf4 59. Qxf4 Qf6 60. Qe5 Qg5 61. Rxc6 Qh6 62. Rc7+ Kg6 63. Qxe6+ Kh5 64. Qe2+ Kg5 65. h4+ 1-0

[Event "Cochabamba op 1st"]
[Site "Cochabamba"]
[Date "2015.01.30"]
[Round "4"]
[White "Lopez, Mario Iver"]
[Black "Medrano, Sebastian"]
[Result "1-0"]
[WhiteElo "2208"]
[BlackElo "1712"]
[PlyCount "143"]
[EventDate "2015.01.29"]
[EventType "swiss"]
[EventRounds "7"]
[EventCountry "BOL"]
[SourceTitle "CBM 164 Extra"]
[Source "ChessBase"]
[SourceDate "2015.03.02"]
[SourceVersion "1"]
[SourceVersionDate "2015.03.02"]
[SourceQuality "1"]

1. e4 c5 2. Nf3 Nf6 3. Nc3 Nc6 4. d4 d5 5. exd5 Nxd5 6. Be2 cxd4 7. Nxd4 Nxc3 8. bxc3 e5 9. Nxc6 Qxd1+ 10. Bxd1 bxc6 11. Be3 Be6 12. 0-0 Kd7 13. Be2 Kc7 14. f4 exf4 15. Rxf4 Bd6 16. Ra4 Rhe8 17. Kf2 Reb8 18. Bd3 h6 19. g3 f5 20. Re1 Bd7 21. Ra5 g5 22. Bxf5 Rf8 23. g4 Bxf5 24. gxf5 c5 25. Kg2 Rxf5 26. Bg1 g4 27. Re6 h5 28. Ra4 Kd7 29. Rh6 Rd5 30. Be3 Kc7 31. Ra6 Re8 32. Raxd6 Rxd6 33. Bf4 Red8 34. Kg3 Kc6 35. Bxd6 Rxd6 36. Rxd6+ Kxd6 37. Kh4 Ke5 38. Kxh5 Kf4 39. Kg6 c4 40. a4 a5 41. Kf6 Ke3 42. Ke5 Kd2 43. Kd4 Ke2 44. Kxc4 Kf3 45. Kb5 Kg2 46. c4 Kxh2 47. c5 g3 48. c6 g2 49. c7 g1Q 50. c8Q Qg5+ 51. Qc5 Qd8 52. c4 Qd2 53. Qc7+ Kh1 54. Ka6 Qb4 55. Qc6+ Kh2 56. c5 Qc4+ 57. Kxa5 Qc3+ 58. Ka6 Qc4+ 59. Kb6 Qb3+ 60. Qb5 Qe6+ 61. c6 Qc8 62. c7 Kh1 63. a5 Kg2 64. a6 Kg1 65. Qc6 Kh2 66. a7 Qg4 67. c8Q Qb4+ 68. Kc7 Qa5+ 69. Kb8 Qb4+ 70. Q6b7 Qa4 71. Qh7+ Kg3 72. Qcg8+ 1-0

[Event "American Continental 09th"]
[Site "Cochabamba"]
[Date "2013.05.10"]
[Round "5"]
[White "Herrera, Fernando"]
[Black "Lopez, Mario Iver"]
[Result "0-1"]
[WhiteElo "2086"]
[BlackElo "2197"]
[PlyCount "92"]
[EventDate "2013.05.07"]
[EventType "swiss"]
[EventRounds "11"]
[EventCountry "BOL"]
[SourceTitle "CBM 154 Extra"]
[Source "ChessBase"]
[SourceDate "2013.06.25"]
[SourceVersion "2"]
[SourceVersionDate "2013.06.25"]
[SourceQuality "1"]

1. Nf3 Nf6 2. d4 c5 3. d5 Qc7 4. c4 e5 5. Nc3 d6 6. e4 Be7 7. h3 a6 8. Bd3 Nbd7 9. g4 Rb8 10. a4 b6 11. Be3 h6 12. Qe2 Nf8 13. Qd2 Bd7 14. Ng1 N6h7 15. f4 exf4 16. Bxf4 Bh4+ 17. Kd1 Ng5 18. Qe3 Ng6 19. Bh2 0-0 20. Nf3 Nxf3 21. Qxf3 Rbe8 22. Kc2 Ne5 23. Qe2 Rb8 24. Bxe5 dxe5 25. Rhg1 Rfc8 26. b3 Bg5 27. Rh1 Bh4 28. Rhg1 Qd6 29. Nd1 b5 30. axb5 axb5 31. Ne3 bxc4 32. Bxc4 g6 33. Ra6 Rb6 34. Rga1 Rcb8 35. R1a3 Qf6 36. Ng2 Bf2 37. Rxb6 Rxb6 38. Ra7 Rd6 39. Ne3 Qf4 40. Kd3 Qg3 41. Kd2 Kg7 42. Rc7 Qg1 43. Ra7 Bh4 44. Qf1 Qh2+ 45. Qg2 Qf4 46. Ra1 Bf2 0-1

[Event "American Continental 09th"]
[Site "Cochabamba"]
[Date "2013.05.09"]
[Round "3"]
[White "Medrano, Sebastian"]
[Black "Lopez, Mario Iver"]
[Result "0-1"]
[WhiteElo "1803"]
[BlackElo "2197"]
[PlyCount "112"]
[EventDate "2013.05.07"]
[EventType "swiss"]
[EventRounds "11"]
[EventCountry "BOL"]
[SourceTitle "CBM 154 Extra"]
[Source "ChessBase"]
[SourceDate "2013.06.25"]
[SourceVersion "2"]
[SourceVersionDate "2013.06.25"]
[SourceQuality "1"]

1. d4 Nf6 2. Nf3 d6 3. Bf4 Bg4 4. e3 Nbd7 5. Be2 Nh5 6. Bg5 h6 7. Bh4 g5 8. Bg3 Bg7 9. Nfd2 Bxe2 10. Qxe2 Nxg3 11. hxg3 c5 12. c3 Rc8 13. f4 gxf4 14. gxf4 cxd4 15. exd4 Bxd4 16. Nc4 Nb6 17. Na5 Bf6 18. Nxb7 Qd7 19. Na5 Qf5 20. Rh5 Qxf4 21. Nd2 d5 22. Qb5+ Kf8 23. Qe2 Rg8 24. Rh3 Rg3 25. Rxg3 Qxg3+ 26. Qf2 Qd3 27. Rd1 Qg6 28. Nab3 Qg4 29. Qe2 Qh4+ 30. Qf2 Qxf2+ 31. Kxf2 e6 32. Rh1 Kg7 33. Rh3 Na4 34. Rg3+ Kf8 35. Rh3 Bg7 36. Nd4 Nxb2 37. Rf3 Kg8 38. Ke2 Na4 39. Nb1 Nxc3+ 40. Nxc3 Bxd4 41. Nb5 Bb6 42. Rxf7 Kxf7 43. Nd6+ Ke7 44. Nxc8+ Kd7 45. Nxb6+ axb6 46. Kf3 e5 47. Kg4 d4 48. Kf3 d3 49. Ke3 e4 50. Kd2 Ke6 51. Ke3 Kd5 52. g4 Kc4 53. a4 Kc3 54. g5 hxg5 55. Kxe4 d2 56. Kf5 d1Q 0-1

[Event "American Continental 09th"]
[Site "Cochabamba"]
[Date "2013.05.08"]
[Round "2"]
[White "Lopez, Mario Iver"]
[Black "Bachmann, Axel"]
[Result "0-1"]
[WhiteElo "2197"]
[BlackElo "2531"]
[PlyCount "44"]
[EventDate "2013.05.07"]
[EventType "swiss"]
[EventRounds "11"]
[EventCountry "BOL"]
[SourceTitle "CBM 154 Extra"]
[Source "ChessBase"]
[SourceDate "2013.06.25"]
[SourceVersion "2"]
[SourceVersionDate "2013.06.25"]
[SourceQuality "1"]

1. e4 c5 2. Nc3 e6 3. f4 a6 4. g3 d5 5. d3 Nc6 6. Bg2 d4 7. Nce2 e5 8. Nf3 Bd6 9. 0-0 Nge7 10. Kh1 f6 11. c3 Be6 12. cxd4 cxd4 13. fxe5 Bxe5 14. Nf4 Bf7 15. Bh3 h5 16. Nh4 g5 17. Nf5 Nxf5 18. Bxf5 Ne7 19. Bh3 h4 20. Kg2 hxg3 21. hxg3 gxf4 22. gxf4 Be6 0-1

[Event "Asuncion 04"]
[Site "Asuncion"]
[Date "2011.04.22"]
[Round "8"]
[White "Delgado Ramirez, Neuris"]
[Black "Lopez, Mario Iver"]
[Result "1-0"]
[WhiteElo "2594"]
[BlackElo "2251"]
[PlyCount "101"]
[EventDate "2011.04.16"]
[EventType "tourn"]
[EventRounds "10"]
[EventCountry "PAR"]
[EventCategory "2"]
[SourceTitle "CBM 142 Extra"]
[Source "ChessBase"]
[SourceDate "2011.06.27"]
[SourceVersion "1"]
[SourceVersionDate "2011.06.27"]
[SourceQuality "1"]

1. e4 d5 2. exd5 Qxd5 3. Nf3 Nf6 4. d4 Bg4 5. Be2 e6 6. h3 Bh5 7. c4 Qd8 8. 0-0 Be7 9. Qb3 Qc8 10. Nc3 0-0 11. Bf4 c6 12. Rac1 Nbd7 13. Rfd1 Re8 14. a3 Bf8 15. Ne5 Bxe2 16. Nxe2 c5 17. Qe3 a6 18. dxc5 Bxc5 19. Qf3 Nxe5 20. Bxe5 Be7 21. c5 Rd8 22. Rxd8+ Bxd8 23. b4 Nd7 24. Bc3 Qc7 25. Rd1 Be7 26. Nf4 Nf6 27. g4 h6 28. Kg2 Rd8 29. Rxd8+ Bxd8 30. Nd3 Nd5 31. Be5 Qd7 32. Bg3 Bc7 33. h4 f6 34. Bxc7 Qxc7 35. Qe4 Qc6 36. f3 e5 37. a4 Kf8 38. b5 axb5 39. axb5 Qd7 40. b6 Ne7 41. Nf2 Nc6 42. Qa4 Ke7 43. Qa8 Nd8 44. Ne4 h5 45. gxh5 Ne6 46. Nf2 Nf4+ 47. Kg1 Qd5 48. Qa3 Kf7 49. Qe3 Nxh5 50. Qe4 Qd7 51. Qg4 1-0

[Event "Asuncion 04"]
[Site "Asuncion"]
[Date "2011.04.21"]
[Round "6"]
[White "Jimenez, Joaquin Rodrigo"]
[Black "Lopez, Mario Iver"]
[Result "1-0"]
[WhiteElo "2234"]
[BlackElo "2251"]
[PlyCount "55"]
[EventDate "2011.04.16"]
[EventType "tourn"]
[EventRounds "10"]
[EventCountry "PAR"]
[EventCategory "2"]
[SourceTitle "CBM 142 Extra"]
[Source "ChessBase"]
[SourceDate "2011.06.27"]
[SourceVersion "1"]
[SourceVersionDate "2011.06.27"]
[SourceQuality "1"]

1. e4 c5 2. Nf3 Nc6 3. d4 cxd4 4. Nxd4 Nf6 5. Nc3 e5 6. Ndb5 d6 7. Bg5 a6 8. Na3 b5 9. Bxf6 gxf6 10. Nd5 f5 11. Bxb5 axb5 12. Nxb5 Ra4 13. Nbc7+ Kd7 14. 0-0 Qg5 15. c4 Rxc4 16. Na8 Rxe4 17. Nab6+ Kd8 18. Rc1 Bb7 19. Rxc6 Rg8 20. g3 Be7 21. Nxe7 Rd4 22. Qc2 Kxe7 23. Rc7+ Kf6 24. Rxb7 h5 25. Qc7 Qg6 26. Nd7+ Ke6 27. Nc5+ Kf6 28. Qe7+ 1-0

[Event "Asuncion 04"]
[Site "Asuncion"]
[Date "2011.04.20"]
[Round "5"]
[White "Lopez, Mario Iver"]
[Black "Vazquez, Guillermo"]
[Result "1/2-1/2"]
[WhiteElo "2251"]
[BlackElo "2180"]
[PlyCount "71"]
[EventDate "2011.04.16"]
[EventType "tourn"]
[EventRounds "10"]
[EventCountry "PAR"]
[EventCategory "2"]
[SourceTitle "CBM 142 Extra"]
[Source "ChessBase"]
[SourceDate "2011.06.27"]
[SourceVersion "1"]
[SourceVersionDate "2011.06.27"]
[SourceQuality "1"]

1. c4 Nf6 2. g3 c6 3. Nf3 d5 4. b3 Bf5 5. Bg2 e6 6. Bb2 Nbd7 7. 0-0 h6 8. d3 Be7 9. Nbd2 0-0 10. Rc1 a5 11. a3 Bh7 12. d4 b5 13. c5 Ne4 14. Ne1 f5 15. Nd3 Bf6 16. f3 Nxd2 17. Qxd2 Qe7 18. f4 g5 19. Kh1 Qg7 20. Qe3 Qf7 21. Rg1 Kh8 22. Qd2 Rg8 23. e3 Bd8 24. Rcf1 Qe7 25. Rf2 Bc7 26. Rgf1 Rg7 27. Bc3 Qe8 28. Bf3 Nf6 29. Ne5 Bg6 30. Qd1 g4 31. Bg2 h5 32. Ra2 h4 33. gxh4 Rh7 34. Be1 Rh6 35. Bg3 Ra7 36. Kg1 1/2-1/2

[Event "Mercosur ol 1st"]
[Site "Mar del Plata"]
[Date "2009.06.24"]
[Round "5"]
[White "Olivares Olivares, Claudio"]
[Black "Lopez, Mario Iver"]
[Result "0-1"]
[WhiteElo "1996"]
[BlackElo "2275"]
[PlyCount "82"]
[EventDate "2009.06.20"]
[EventType "team-tourn"]
[EventRounds "7"]
[EventCountry "ARG"]
[SourceTitle "CBM 131 Extra"]
[Source "ChessBase"]
[SourceDate "2009.09.03"]
[SourceVersion "2"]
[SourceVersionDate "2009.09.16"]
[SourceQuality "1"]

1. e4 c5 2. Nf3 Nc6 3. d4 cxd4 4. Nxd4 Nf6 5. Nc3 e5 6. Ndb5 d6 7. Bg5 a6 8. Na3 b5 9. Nd5 Be7 10. Bxf6 Bxf6 11. c3 Ne7 12. Be2 Bg5 13. Nc2 Bb7 14. a4 Nxd5 15. exd5 bxa4 16. Rxa4 0-0 17. 0-0 f5 18. Bc4 Qb6 19. b3 Kh8 20. Kh1 a5 21. Na3 Rac8 22. Qe2 Rc7 23. h3 g6 24. g3 e4 25. Nc2 Bf6 26. Qd2 Be5 27. Nd4 Re7 28. Kg1 f4 29. g4 Bc8 30. Nc6 Ree8 31. Nxe5 Rxe5 32. Qd4 Qd8 33. Re1 e3 34. fxe3 f3 35. Rf1 Qh4 36. Rf2 Qxh3 37. Bd3 Kg8 38. Raa2 Rg5 39. Rh2 Rxg4+ 40. Kh1 Rxd4 41. Rxh3 Bxh3 0-1

[Event "Santa Cruz Mario Dario Lopez"]
[Site "Santa Cruz"]
[Date "2008.03.21"]
[Round "3"]
[White "Ferrufino, Boris"]
[Black "Lopez, Mario Iver"]
[Result "1/2-1/2"]
[WhiteElo "2199"]
[BlackElo "2279"]
[PlyCount "148"]
[EventDate "2008.03.20"]
[EventType "tourn"]
[EventRounds "11"]
[EventCountry "BOL"]
[EventCategory "4"]
[SourceTitle "CBM 123 Extra"]
[Source "ChessBase"]
[SourceDate "2008.05.06"]
[SourceVersion "1"]
[SourceVersionDate "2008.05.06"]
[SourceQuality "1"]

1. d4 Nf6 2. Nf3 g6 3. Nbd2 Bg7 4. e4 d6 5. Bd3 0-0 6. 0-0 Nh5 7. g3 Bg4 8. c3 c5 9. Qb3 Qc8 10. dxc5 dxc5 11. Re1 Nc6 12. Bf1 h6 13. Bg2 b6 14. Nf1 Bh3 15. Be3 Na5 16. Qc2 Nc4 17. Rad1 Nxe3 18. Rxe3 Bxg2 19. Kxg2 Qg4 20. Ng1 Rad8 21. Rd2 c4 22. h3 Qc8 23. Ree2 Qc6 24. Nf3 b5 25. e5 e6 26. Qe4 Qxe4 27. Rxe4 Rxd2 28. N1xd2 g5 29. Rd4 Ra8 30. Rd7 Bf8 31. Ne4 a6 32. Nh2 Kg7 33. Ng4 Kg6 34. Kf3 Ng7 35. Ne3 Ne8 36. h4 gxh4 37. gxh4 Bg7 38. Kf4 h5 39. Nd6 f6 40. Nxe8 fxe5+ 41. Kf3 Rxe8 42. Ra7 Rf8+ 43. Ke2 Bf6 44. Rxa6 Bxh4 45. Rxe6+ Rf6 46. Rxf6+ Bxf6 47. a4 bxa4 48. Nxc4 Kf5 49. Nb6 h4 50. Nxa4 h3 51. Kf3 e4+ 52. Kg3 Bh4+ 53. Kxh3 Bxf2 54. Kg2 Bh4 55. Kf1 Ke5 56. Ke2 Kd5 57. b3 Bf6 58. Kd2 Bg5+ 59. Kc2 Bf6 60. Nb6+ Kc6 61. Nc4 Kc5 62. Ne3 Bg5 63. Nd1 Kd5 64. Nb2 Be7 65. Nc4 Bg5 66. Nd2 Bf4 67. Nb1 Bd6 68. Nd2 Bf4 69. Nc4 Kc5 70. Kd1 Bg5 71. Nd2 Kd5 72. Ke2 Bf6 73. Nb1 Kc5 74. Kf2 Bxc3 1/2-1/2

[Event "American Continental 04th"]
[Site "Cali"]
[Date "2007.07.20"]
[Round "11"]
[White "Lopez, Mario Iver"]
[Black "Franco Valencia, Beatriz Irene"]
[Result "0-1"]
[WhiteElo "2345"]
[BlackElo "2130"]
[PlyCount "160"]
[EventDate "2007.07.10"]
[EventType "swiss"]
[EventRounds "11"]
[EventCountry "COL"]
[SourceTitle "CBM 119 Extra"]
[Source "ChessBase"]
[SourceDate "2007.09.04"]
[SourceVersion "1"]
[SourceVersionDate "2007.09.04"]
[SourceQuality "1"]

1. e4 e5 2. Nf3 Nc6 3. Bc4 Bc5 4. 0-0 d6 5. c3 Qe7 6. Bb3 h6 7. d3 Nf6 8. Be3 Bb6 9. Nbd2 0-0 10. Bxb6 axb6 11. Nh4 Kh7 12. Nf5 Qd8 13. f4 g6 14. Ne3 exf4 15. Rxf4 Be6 16. d4 Nh5 17. Rf3 Qg5 18. d5 Ne5 19. dxe6 Nxf3+ 20. Qxf3 fxe6 21. Qh3 Nf4 22. Qg4 Qc5 23. Ndf1 Rf6 24. g3 Nd3 25. Qe2 Nf2 26. Qxf2 Rxf2 27. Kxf2 Rf8+ 28. Kg2 Qg5 29. Bxe6 Qf6 30. Bd5 c6 31. Bb3 Qf2+ 32. Kh1 Rf3 33. Rd1 Rxe3 34. Nxe3 Qxe3 35. Rxd6 Qxe4+ 36. Kg1 Qb1+ 37. Rd1 Qf5 38. Rf1 Qd3 39. Rf2 c5 40. Bc2 Qe3 41. Kg2 Kg7 42. h4 Qe6 43. Bb3 c4 44. Bc2 Qd5+ 45. Kh2 Qe5 46. Kg2 h5 47. Bd1 g5 48. hxg5 Qxg5 49. Rf4 Qd5+ 50. Bf3 Qd2+ 51. Kh3 b5 52. Bxh5 Qxb2 53. Rf7+ Kh6 54. g4 Qxc3+ 55. Kh4 Qe1+ 56. Kh3 c3 57. Rf6+ Kg7 58. Rf7+ Kg8 59. Rc7 b4 60. Bf7+ Kg7 61. Bb3+ Kh6 62. Rc8 Qe3+ 63. Kh4 Qe7+ 64. Kg3 Qf6 65. Kh3 b6 66. Kg3 Qe5+ 67. Kf3 Kg5 68. Rc4 Qd5+ 69. Ke2 Qd2+ 70. Kf1 Kh4 71. Re4 c2 72. Bxc2 Qxc2 73. Re2 Qd1+ 74. Kf2 Qd4+ 75. Kf3 Qxg4+ 76. Ke3 Kg3 77. Kd3 Kf3 78. Re3+ Kf2 79. Re4 Qd1+ 80. Kc4 Qc2+ 0-1

[Event "American Continental 04th"]
[Site "Cali"]
[Date "2007.07.18"]
[Round "9"]
[White "Lopez, Mario Iver"]
[Black "Cardona Marin, Fabio"]
[Result "1/2-1/2"]
[WhiteElo "2345"]
[BlackElo "2152"]
[PlyCount "90"]
[EventDate "2007.07.10"]
[EventType "swiss"]
[EventRounds "11"]
[EventCountry "COL"]
[SourceTitle "CBM 119 Extra"]
[Source "ChessBase"]
[SourceDate "2007.09.04"]
[SourceVersion "1"]
[SourceVersionDate "2007.09.04"]
[SourceQuality "1"]

1. e4 c5 2. Nf3 d6 3. d4 cxd4 4. Nxd4 Nf6 5. Nc3 a6 6. Bg5 e6 7. Qd2 Be7 8. f3 b5 9. 0-0-0 Bb7 10. Nb3 Nbd7 11. Bf4 e5 12. Be3 b4 13. Nd5 Nxd5 14. exd5 a5 15. Kb1 0-0 16. Bc4 Nb6 17. Bxb6 Qxb6 18. h4 f5 19. Rde1 Rac8 20. Qd3 Qd8 21. Re2 Rf7 22. Ba6 Bxa6 23. Qxa6 Ra8 24. Qd3 Qc8 25. c4 Bf8 26. Nd2 Be7 27. g3 a4 28. Rg2 Kh8 29. Rhg1 a3 30. b3 Qd7 31. Kc2 Rg8 32. Kd1 g5 33. hxg5 Bxg5 34. f4 e4 35. Qd4+ Bf6 36. Qb6 Rff8 37. Nf1 Rb8 38. Qe3 Qg7 39. Rh1 Bd4 40. Qd2 Bc5 41. Rh5 Rb7 42. Rgh2 Qa1+ 43. Qc1 Qd4+ 44. Qd2 Qa1+ 45. Qc1 Qd4+ 1/2-1/2

[Event "American Continental 04th"]
[Site "Cali"]
[Date "2007.07.15"]
[Round "6"]
[White "Perez Olarte, Cesar Camilo"]
[Black "Lopez, Mario Iver"]
[Result "0-1"]
[WhiteElo "2056"]
[BlackElo "2345"]
[PlyCount "66"]
[EventDate "2007.07.10"]
[EventType "swiss"]
[EventRounds "11"]
[EventCountry "COL"]
[SourceTitle "CBM 119 Extra"]
[Source "ChessBase"]
[SourceDate "2007.09.04"]
[SourceVersion "1"]
[SourceVersionDate "2007.09.04"]
[SourceQuality "1"]

1. e4 c5 2. Nf3 Nc6 3. d4 cxd4 4. Nxd4 Nf6 5. Nc3 e5 6. Ndb5 d6 7. Bg5 a6 8. Na3 b5 9. Bxf6 gxf6 10. Nd5 f5 11. c3 fxe4 12. Bxb5 Bb7 13. Ba4 Bg7 14. Nb4 Rc8 15. Qd5 Qc7 16. Qxe4 0-0 17. Nd5 Qd8 18. Qf5 Qh4 19. Bb3 Ne7 20. Nxe7+ Qxe7 21. Nc4 d5 22. Bc2 e4 23. Na5 Ba8 24. 0-0 d4 25. Nb3 d3 26. Bd1 Rb8 27. a4 Rfd8 28. Re1 Rd6 29. Rb1 Rg6 30. Bh5 Rxb3 31. Bxg6 hxg6 32. Qc8+ Qf8 33. Qxa6 Qb8 0-1

[Event "American Continental 04th"]
[Site "Cali"]
[Date "2007.07.13"]
[Round "4"]
[White "Peralta, Fernando"]
[Black "Lopez, Mario Iver"]
[Result "1-0"]
[WhiteElo "2546"]
[BlackElo "2345"]
[PlyCount "97"]
[EventDate "2007.07.10"]
[EventType "swiss"]
[EventRounds "11"]
[EventCountry "COL"]
[SourceTitle "CBM 119 Extra"]
[Source "ChessBase"]
[SourceDate "2007.09.04"]
[SourceVersion "1"]
[SourceVersionDate "2007.09.04"]
[SourceQuality "1"]

1. d4 Nf6 2. c4 g6 3. Nc3 Bg7 4. e4 d6 5. Nf3 0-0 6. Be2 e5 7. 0-0 Nc6 8. d5 Ne7 9. b4 a5 10. Ba3 axb4 11. Bxb4 b6 12. a4 Ne8 13. Qb3 f5 14. a5 bxa5 15. Rxa5 Rb8 16. Rb5 Rxb5 17. cxb5 h6 18. Nd2 fxe4 19. Ndxe4 Nf5 20. Bd3 Nd4 21. Qb1 Bb7 22. Ng3 g5 23. f3 Nf6 24. Nge4 Kh8 25. Nxf6 Qxf6 26. Ba5 Qf7 27. Bg6 Qd7 28. Qd3 Ra8 29. Bb4 Bf8 30. Rc1 Be7 31. Qf1 Bd8 32. h3 Kg7 33. Bb1 Kg8 34. Qd3 Qf7 35. b6 Bc8 36. Ne4 Ba6 37. Qd1 Ne2+ 38. Kh1 Nxc1 39. Qxc1 Bb7 40. bxc7 Bxc7 41. Bxd6 Bxd6 42. Nxd6 Qxd5 43. Qc7 e4 44. fxe4 Qd1+ 45. Kh2 Qxb1 46. Qf7+ Kh8 47. Qf6+ Kh7 48. Nf5 Qa1 49. e5 1-0

[Event "American Continental 04th"]
[Site "Cali"]
[Date "2007.07.10"]
[Round "1"]
[White "Lopez, Mario Iver"]
[Black "Molina, Rafael"]
[Result "1-0"]
[WhiteElo "2345"]
[BlackElo "2101"]
[PlyCount "69"]
[EventDate "2007.07.10"]
[EventType "swiss"]
[EventRounds "11"]
[EventCountry "COL"]
[SourceTitle "CBM 119 Extra"]
[Source "ChessBase"]
[SourceDate "2007.09.04"]
[SourceVersion "1"]
[SourceVersionDate "2007.09.04"]
[SourceQuality "1"]

1. e4 e5 2. Nf3 Nc6 3. Bc4 Nf6 4. d3 Bc5 5. 0-0 h6 6. c3 d6 7. Bb3 Bg4 8. h3 Bxf3 9. Qxf3 Qe7 10. Nd2 Nd8 11. Nc4 Ne6 12. Ne3 Ng5 13. Qe2 g6 14. Nd5 Nxd5 15. Bxd5 c6 16. Bb3 Ne6 17. a4 a5 18. g3 Ng5 19. Kg2 Qd7 20. Rh1 0-0-0 21. Rb1 f5 22. h4 Ne6 23. d4 Bb6 24. exf5 gxf5 25. dxe5 f4 26. Bxe6 f3+ 27. Qxf3 Qxe6 28. exd6 Rxd6 29. Bf4 Rf8 30. Rhe1 Qd7 31. Rbd1 Rd5 32. Rxd5 cxd5 33. Re5 Bc7 34. Rxd5 Qf7 35. Rc5 1-0